|
|
|
|
| LEADER |
00793nab a2200193 i 4500 |
| 001 |
acta17811 |
| 005 |
20210615085252.0 |
| 008 |
161015s1971 hu o 0|| hun d |
| 022 |
|
|
|a 0371-3458
|
| 040 |
|
|
|a SZTE Egyetemi Kiadványok Repozitórium
|b hun
|
| 041 |
|
|
|a hun
|
| 100 |
2 |
|
|a Szabó G. Lászlóné
|
| 245 |
1 |
2 |
|a A továbbképzés jelenlegi helyzete Szegeden
|h [elektronikus dokumentum] :
|b korreferátum /
|c Szabó G. Lászlóné
|
| 260 |
|
|
|c 1971
|
| 300 |
|
|
|a 433-436
|
| 490 |
0 |
|
|a A Szegedi Tanárképző Főiskola tudományos közleményei
|
| 695 |
|
|
|a Szeged, Neveléstudomány
|
| 710 |
|
|
|a A posztgraduális stúdium mint a pedagógusok továbbképzésébek korszerű modellje, 1971, Szeged
|
| 856 |
4 |
0 |
|u http://acta.bibl.u-szeged.hu/17811/1/tanarkepzo_1971_1_433-436.pdf
|z Dokumentum-elérés
|